000 00814nam a22002177a 4500
005 20210325181334.0
008 s2545 th tha d
020 _a9747206172
041 _atha
050 _aTD194.6 ป554อ 2545
100 0 _aปาริชาต ศิวะรักษ์
245 1 0 _aEIA สำรวจสถานภาพ ปัญหา และทางออก
260 3 _aกรุงเทพฯ :
_bสำนักงานกองทุนสนับสนุนการวิจัย,
_c2545
300 _a40 หน้า ;
_b 24 ซม.
650 0 4 _aสิ่งแวดล้อม -- การประเมินผลกระทบ
650 0 4 _aEIA
850 _aNALT
942 _cGB
997 _c000000000011616
998 _aSOPAPORN
999 _c11616
_d11616